|
|
|
|
| LEADER |
00000cam a2200000 a 4500 |
| 001 |
vtls008344082 |
| 003 |
SK-MaSNL |
| 005 |
20260301075157.0 |
| 008 |
230403s1963 xr 000 0 slo |
| 015 |
|
|
|a SNBA1963/09-01821
|
| 035 |
|
|
|a SK01SNK19630036299
|
| 035 |
|
|
|a urn:nbn:sk:snk-am3ho24
|
| 035 |
|
|
|a 9EA83FDC-81E9-48C9-91B4-4DC5E68E2999
|
| 035 |
|
|
|a urn:nbn:sk:snk-am00cvm2
|
| 035 |
|
|
|a SKM000038762
|
| 040 |
|
|
|a SNK
|b slo
|c SNK
|e AACR2
|
| 041 |
1 |
|
|a slo
|h cze
|
| 044 |
|
|
|a xr
|c CZ
|
| 080 |
|
|
|a 796.7.062/.063
|2 1981
|
| 245 |
0 |
0 |
|a Jednotné propozície motoristických športových podnikov
|
| 250 |
|
|
|a 1. vyd.
|
| 260 |
|
|
|a Praha
|b Naše vojsko
|b Svazarm
|c 1963
|
| 300 |
|
|
|a 92, [2] s.
|c 15 cm
|
| 366 |
|
|
|e 3000 výt.
|
| 500 |
|
|
|a Prevzaté z BK ČSSR - České knihy 2881/1963
|
| 500 |
|
|
|a Vyd. NV pre Svazarm
|
| 650 |
0 |
7 |
|a motorizmus
|2 SNKPH
|9 3265
|
| 655 |
|
7 |
|a smernice
|2 SNKPH
|9 26899
|
| 852 |
|
|
|a Slovenská národná knižnica
|
| 954 |
|
|
|a odborná, vedecká literatúra cudzojazyčná (svetová)
|2 lita
|
| 958 |
|
|
|a TL
|
| 958 |
|
|
|a CZ
|
| 958 |
|
|
|a OP
|
| 958 |
|
|
|a RK
|
| 958 |
|
|
|a OND
|
| 958 |
|
|
|a EUIPO
|
| 999 |
|
|
|c 649366
|d 651296
|
| 952 |
|
|
|a SNK
|b SNK
|y PREZ
|7 0
|p 17A0721797
|o snkSE 3481
|i snkKIP 5321/63
|0 0
|1 0
|4 0
|d 2018-04-04
|f 1
|l 0
|r 2026-02-23 18:18:07
|w 2026-02-23
|
| 952 |
|
|
|a SNK
|b SNK
|y VYP
|7 0
|p 17A1190348
|o snkSE 3481 D1
|i snkKIP 5322/63
|0 0
|1 0
|4 0
|d 2018-06-26
|l 0
|r 2026-02-23 18:18:07
|w 2026-02-23
|